[Event "Sao Bernardo do Campo 1st"]
[Site "Sao Bernardo do Campo"]
[Date "2012.07.05"]
[Round "5"]
[White "Rodriguez Vila, Andres"]
[Black "Abdalla, Luiz Guilherme"]
[Result "1/2-1/2"]
[WhiteElo "2535"]
[BlackElo "2333"]
[PlyCount "120"]
[EventDate "2012.07.03"]
[EventType "tourn"]
[EventRounds "9"]
[EventCountry "BRA"]
[EventCategory "2"]
[SourceTitle "CBM 149 Extra"]
[Source "ChessBase"]
[SourceDate "2012.08.24"]
[SourceVersion "1"]
[SourceVersionDate "2012.08.24"]
[SourceQuality "1"]

1. f4 d5 2. Nf3 g6 3. g3 Bg7 4. Bg2 Nf6 5. O-O O-O 6. d3 c5 7. Qe1 d4 8. c4 Nc6
9. h3 Re8 10. Na3 e5 11. fxe5 Nxe5 12. Nxe5 Rxe5 13. Bf4 Re8 14. g4 a6 15. Qf2
h6 16. Nc2 g5 17. Bd2 a5 18. a3 a4 19. Rab1 Ra6 20. b4 Rae6 21. Bf3 b6 22. bxc5
bxc5 23. Rb5 Qe7 24. Qg2 Nd7 25. Ra5 Ne5 26. Bd5 Rb6 27. Ne1 Be6 28. Rxa4 Bxd5
29. cxd5 Ng6 30. Nf3 Qd7 31. Rc4 Qxd5 32. Re1 Rb2 33. Bc1 Ra2 34. Nd2 Qxg2+ 35.
Kxg2 Nf4+ 36. Kf1 Re3 37. Ne4 Rxh3 38. Nf2 Rg3 39. Rxc5 Ng2 40. Ne4 Rxg4 41.
Nf2 Rg3 42. Ne4 Ne3+ 43. Bxe3 Rxe3 44. Ra5 Bf8 45. a4 Kg7 46. Ra7 Kg6 47. Ra6+
Kg7 48. Ra7 Rh3 49. Nf2 Re3 50. Ne4 Rh3 51. Nf2 Rh5 52. Kg2 Rh4 53. Kg1 Bc5 54.
Rb7 Rxa4 55. Ne4 Bf8 56. Rf1 Rf4 57. Rxf4 gxf4 58. Kf2 Kg6 59. Rb6+ Kg7 60. Kf3
Ra2 1/2-1/2

[Event "Sao Bernardo do Campo 1st"]
[Site "Sao Bernardo do Campo"]
[Date "2012.07.05"]
[Round "6"]
[White "Aranha Filho, Alvaro Zimmermann"]
[Black "Rodriguez Vila, Andres"]
[Result "0-1"]
[WhiteElo "2303"]
[BlackElo "2535"]
[PlyCount "140"]
[EventDate "2012.07.03"]
[EventType "tourn"]
[EventRounds "9"]
[EventCountry "BRA"]
[EventCategory "2"]
[SourceTitle "CBM 149 Extra"]
[Source "ChessBase"]
[SourceDate "2012.08.24"]
[SourceVersion "1"]
[SourceVersionDate "2012.08.24"]
[SourceQuality "1"]

1. Nf3 e6 2. d4 Nf6 3. Bg5 b6 4. Nbd2 c5 5. c3 Bb7 6. e3 Be7 7. Bd3 Nc6 8. a3
O-O 9. O-O h6 10. Bxf6 Bxf6 11. Qe2 d5 12. Ba6 Bxa6 13. Qxa6 Qd6 14. Rfd1 Rfd8
15. dxc5 Qxc5 16. e4 Ne5 17. Nxe5 Bxe5 18. Qe2 Bc7 19. Nf3 dxe4 20. Qxe4 Qb5
21. Qc2 e5 22. c4 Qc6 23. Qe2 Rxd1+ 24. Rxd1 Re8 25. g3 g6 26. Qe3 Kg7 27. Nd2
a5 28. Nf1 h5 29. h4 Bd6 30. Qd3 Bc5 31. Qd5 Qf6 32. Rd2 e4 33. Re2 Qf3 34. Qd2
Rd8 35. Qe1 f5 36. b4 axb4 37. axb4 Bd4 38. Ra2 f4 39. Qe2 fxg3 40. Qxf3 exf3
41. Nxg3 Rf8 42. Ra7+ Kh6 43. Ne4 Re8 44. Nd2 Re1+ 45. Nf1 Re2 46. Ne3 Re1+ 47.
Nf1 Re4 48. Nd2 Rg4+ 49. Kf1 Rg2 50. Ne4 Rh2 51. Ke1 Rxh4 52. Re7 Rg4 53. c5
bxc5 54. bxc5 h4 55. c6 Bb6 56. Rh7+ Kxh7 57. Nf6+ Kg7 58. Nxg4 Bc7 59. Kf1 Kf7
60. Ne3 Ke6 61. Nc2 Kd5 62. Nb4+ Kd6 63. Nc2 h3 64. Kg1 g5 65. Nd4 g4 66. Nf5+
Kxc6 67. Ne3 g3 68. Ng4 h2+ 69. Nxh2 gxh2+ 70. Kh1 Bg3 0-1

[Event "Sao Bernardo do Campo 1st"]
[Site "Sao Bernardo do Campo"]
[Date "2012.07.06"]
[Round "7"]
[White "Rodriguez Vila, Andres"]
[Black "Maia, Luciano Malta"]
[Result "1/2-1/2"]
[WhiteElo "2535"]
[BlackElo "2279"]
[PlyCount "120"]
[EventDate "2012.07.03"]
[EventType "tourn"]
[EventRounds "9"]
[EventCountry "BRA"]
[EventCategory "2"]
[SourceTitle "CBM 149 Extra"]
[Source "ChessBase"]
[SourceDate "2012.08.24"]
[SourceVersion "1"]
[SourceVersionDate "2012.08.24"]
[SourceQuality "1"]

1. e4 e5 2. Nf3 Nc6 3. Bc4 Bc5 4. c3 Nf6 5. d3 O-O 6. O-O d5 7. exd5 Nxd5 8. h3
Nb6 9. Bb5 f6 10. Nbd2 Bd7 11. Nb3 Be7 12. Re1 a6 13. Bxc6 Bxc6 14. Na5 Qd5 15.
Nxc6 Qxc6 16. d4 e4 17. Qb3+ Kh8 18. d5 Qxd5 19. Qxd5 Nxd5 20. Rxe4 Bc5 21. Bd2
Rfe8 22. Rae1 Rxe4 23. Rxe4 Kg8 24. b4 Bf8 25. a3 Rd8 26. Kf1 Kf7 27. Ke2 Re8
28. Rxe8 Kxe8 29. c4 Ne7 30. Kd3 Kd7 31. g4 Ng6 32. Ke4 a5 33. h4 axb4 34. axb4
Ne7 35. Bc3 Nc6 36. b5 Nd8 37. g5 Be7 38. h5 Nf7 39. h6 gxh6 40. gxf6 Nd6+ 41.
Kf4 Bf8 42. Bb4 Ke6 43. Nd4+ Kxf6 44. c5 Ne8 45. c6 Bd6+ 46. Bxd6 Nxd6 47. Nf5
bxc6 48. Nxd6 Ke6 49. Nf5 cxb5 50. Nd4+ Kd5 51. Nxb5 c5 52. Kf5 h5 53. f4 c4
54. Kg5 Ke4 55. Nc3+ Kd4 56. f5 Ke5 57. Ne2 h4 58. f6 Ke6 59. Nd4+ Kf7 60. Kxh4
Kxf6 1/2-1/2

[Event "Sao Bernardo do Campo 1st"]
[Site "Sao Bernardo do Campo"]
[Date "2012.07.07"]
[Round "8"]
[White "Martinez, Ayelen"]
[Black "Rodriguez Vila, Andres"]
[Result "0-1"]
[WhiteElo "2068"]
[BlackElo "2535"]
[PlyCount "52"]
[EventDate "2012.07.03"]
[EventType "tourn"]
[EventRounds "9"]
[EventCountry "BRA"]
[EventCategory "2"]
[SourceTitle "CBM 149 Extra"]
[Source "ChessBase"]
[SourceDate "2012.08.24"]
[SourceVersion "1"]
[SourceVersionDate "2012.08.24"]
[SourceQuality "1"]

1. e4 e5 2. Nf3 Nc6 3. Bb5 a6 4. Ba4 Nf6 5. d3 b5 6. Bb3 Bc5 7. O-O d6 8. a4
Bg4 9. c3 O-O 10. Be3 Rb8 11. h3 Bh5 12. a5 Bxe3 13. fxe3 d5 14. exd5 Nxd5 15.
Qe2 Bg6 16. d4 Qd6 17. Qf2 exd4 18. exd4 b4 19. c4 Nf4 20. c5 Qf6 21. d5 Nd3
22. Qd2 Nxc5 23. Bc4 Ne5 24. Nd4 Nxc4 25. Rxf6 Nxd2 26. Rxg6 Ndb3 0-1

[Event "Sao Bernardo do Campo 1st"]
[Site "Sao Bernardo do Campo"]
[Date "2012.07.08"]
[Round "9"]
[White "Rodriguez Vila, Andres"]
[Black "Batista, Renato Luiz"]
[Result "1-0"]
[WhiteElo "2535"]
[BlackElo "2140"]
[PlyCount "83"]
[EventDate "2012.07.03"]
[EventType "tourn"]
[EventRounds "9"]
[EventCountry "BRA"]
[EventCategory "2"]
[SourceTitle "CBM 149 Extra"]
[Source "ChessBase"]
[SourceDate "2012.08.24"]
[SourceVersion "1"]
[SourceVersionDate "2012.08.24"]
[SourceQuality "1"]

1. e4 e5 2. Bc4 Nf6 3. d3 Nc6 4. Nf3 Be7 5. O-O O-O 6. Re1 d6 7. c3 Na5 8. Bb5
Bd7 9. Bxd7 Nxd7 10. d4 Nc6 11. d5 Ncb8 12. b4 a5 13. a3 Na6 14. Nbd2 axb4 15.
axb4 Kh8 16. Nc4 g6 17. Bh6 Rg8 18. Ne3 Rb8 19. Qd3 Bf8 20. Bxf8 Qxf8 21. Nd2
Qh6 22. Nb3 Rgf8 23. Qb5 Nf6 24. Qc4 b5 25. Qd3 Rb6 26. Ra5 Nb8 27. Nd2 Qh4 28.
g3 Qh3 29. Rxb5 Rxb5 30. Qxb5 Nh5 31. Qb7 f5 32. Qxc7 f4 33. Qxd6 Nd7 34. Nef1
f3 35. Ne3 Nhf6 36. Qe6 Qh5 37. Ra1 Re8 38. Qc6 Qh3 39. Ra8 Rxa8 40. Qxa8+ Kg7
41. Qc6 Kh6 42. Qe6 1-0

[Event "San Cristobal Bolivar op 1st"]
[Site "San Cristobal"]
[Date "2012.09.26"]
[Round "2"]
[White "Rodriguez Vila, Andres"]
[Black "Sanchez Liecano, Sebastian Felipe"]
[Result "1/2-1/2"]
[WhiteElo "2531"]
[BlackElo "2269"]
[PlyCount "58"]
[EventDate "2012.09.25"]
[EventType "swiss"]
[EventRounds "10"]
[EventCountry "VEN"]
[SourceTitle "EXT 2013"]
[Source "ChessBase"]
[SourceDate "2012.11.22"]
[SourceVersion "1"]
[SourceVersionDate "2012.11.22"]
[SourceQuality "1"]

1. e4 c5 2. Nf3 e6 3. c3 d5 4. e5 d4 5. cxd4 cxd4 6. b4 Be7 7. Bb2 Nh6 8. Nxd4
O-O 9. a3 Nd7 10. Nf3 Nb6 11. d4 Bd7 12. Bd3 Rc8 13. O-O Ba4 14. Qe2 Nf5 15. g4
Nh4 16. Nxh4 Bxh4 17. Nc3 Bc6 18. Ne4 Na4 19. Nd6 Nxb2 20. Qxb2 Rc7 21. f4 Be7
22. Ne4 Rd7 23. Rad1 Rxd4 24. Nd6 Rd5 25. Bc4 Rxd1 26. Rxd1 Bf3 27. Rd3 Bxg4
28. Qd2 Qb6+ 29. Kf1 Bxd6 1/2-1/2

[Event "San Cristobal Bolivar op 1st"]
[Site "San Cristobal"]
[Date "2012.09.26"]
[Round "3"]
[White "Vittorino, Carlo Giovanni"]
[Black "Rodriguez Vila, Andres"]
[Result "1/2-1/2"]
[WhiteElo "2287"]
[BlackElo "2531"]
[PlyCount "49"]
[EventDate "2012.09.25"]
[EventType "swiss"]
[EventRounds "10"]
[EventCountry "VEN"]
[SourceTitle "EXT 2013"]
[Source "ChessBase"]
[SourceDate "2012.11.22"]
[SourceVersion "1"]
[SourceVersionDate "2012.11.22"]
[SourceQuality "1"]

1. Nf3 f5 2. d3 d6 3. e4 e5 4. Nc3 Nf6 5. exf5 Bxf5 6. d4 e4 7. Nh4 Qd7 8. Be2
Be7 9. Nxf5 Qxf5 10. O-O c6 11. f3 exf3 12. Bxf3 Qd7 13. d5 O-O 14. Ne2 Na6 15.
c4 c5 16. Nf4 Nc7 17. g4 Qe8 18. Ne6 Nxe6 19. dxe6 Qg6 20. h3 Rad8 21. Be3 b5
22. b3 h5 23. Qb1 Qxb1 24. Raxb1 hxg4 25. hxg4 1/2-1/2

[Event "San Cristobal Bolivar op 1st"]
[Site "San Cristobal"]
[Date "2012.09.27"]
[Round "4"]
[White "Rodriguez Vila, Andres"]
[Black "Gascon del Nogal, Jose Rafael"]
[Result "1-0"]
[WhiteElo "2531"]
[BlackElo "2206"]
[PlyCount "76"]
[EventDate "2012.09.25"]
[EventType "swiss"]
[EventRounds "10"]
[EventCountry "VEN"]
[SourceTitle "EXT 2013"]
[Source "ChessBase"]
[SourceDate "2012.11.22"]
[SourceVersion "1"]
[SourceVersionDate "2012.11.22"]
[SourceQuality "1"]

1. e4 c5 2. Nf3 d6 3. d4 Nf6 4. Nc3 cxd4 5. Nxd4 a6 6. g3 e5 7. Nde2 Nbd7 8. h3
b5 9. Bg2 Bb7 10. g4 b4 11. Nd5 Nxd5 12. exd5 Qc7 13. a3 bxa3 14. Rxa3 Rc8 15.
Rc3 Qa5 16. Bd2 Rxc3 17. Bxc3 Qb5 18. f4 Nb6 19. fxe5 Nxd5 20. Qd2 dxe5 21.
Bxe5 Be7 22. Bxg7 Bh4+ 23. Kd1 Rg8 24. Nc3 Nxc3+ 25. Bxc3 Rg6 26. Bxb7 Qxb7 27.
Rf1 Qc6 28. Qe3+ Re6 29. Qa7 Qd5+ 30. Kc1 Rd6 31. Kb1 Bd8 32. Rf5 Qc4 33. b3
Qc7 34. Qe3+ Re6 35. Qd4 f6 36. g5 Kf7 37. gxf6 Rc6 38. Qd5+ Re6 1-0

[Event "San Cristobal Bolivar op 1st"]
[Site "San Cristobal"]
[Date "2012.09.27"]
[Round "5"]
[White "Sanchez, Markel"]
[Black "Rodriguez Vila, Andres"]
[Result "1/2-1/2"]
[WhiteElo "2022"]
[BlackElo "2531"]
[PlyCount "77"]
[EventDate "2012.09.25"]
[EventType "swiss"]
[EventRounds "10"]
[EventCountry "VEN"]
[SourceTitle "EXT 2013"]
[Source "ChessBase"]
[SourceDate "2012.11.22"]
[SourceVersion "1"]
[SourceVersionDate "2012.11.22"]
[SourceQuality "1"]

1. d4 f5 2. Nf3 Nf6 3. e3 g6 4. c4 Bg7 5. Nc3 O-O 6. Qc2 d6 7. Be2 Nc6 8. a3 e5
9. d5 Ne7 10. b3 h6 11. Bb2 c5 12. h3 Bd7 13. Nh2 a6 14. g4 b5 15. Rg1 Rb8 16.
gxf5 bxc4 17. Bxc4 Bxf5 18. e4 Bxh3 19. f4 Nh5 20. fxe5 Bxe5 21. O-O-O g5 22.
Ng4 Bxg4 23. Rxg4 Qd7 24. Rgg1 Ng6 25. Rh1 Nh4 26. Ne2 Qg7 27. Rdg1 Bxb2+ 28.
Qxb2 Qxb2+ 29. Kxb2 Kh7 30. Bxa6 Rf3 31. Bc4 Re3 32. a4 Nf3 33. Rg2 Nf6 34. Ng3
Nh4 35. Rgg1 Rexb3+ 36. Bxb3 c4 37. e5 Rxb3+ 38. Ka2 Nxd5 39. exd6 1/2-1/2

[Event "San Cristobal Bolivar op 1st"]
[Site "San Cristobal"]
[Date "2012.09.28"]
[Round "7"]
[White "Clavijo, Jorge Mario"]
[Black "Rodriguez Vila, Andres"]
[Result "0-1"]
[WhiteElo "2319"]
[BlackElo "2531"]
[PlyCount "58"]
[EventDate "2012.09.25"]
[EventType "swiss"]
[EventRounds "10"]
[EventCountry "VEN"]
[SourceTitle "EXT 2013"]
[Source "ChessBase"]
[SourceDate "2012.11.22"]
[SourceVersion "1"]
[SourceVersionDate "2012.11.22"]
[SourceQuality "1"]

1. d4 e6 2. c4 Nf6 3. Nc3 Bb4 4. e3 b6 5. Nge2 Ba6 6. a3 Be7 7. Nf4 d5 8. Qf3
c6 9. b3 O-O 10. Bb2 Qc8 11. Rc1 dxc4 12. bxc4 Nbd7 13. Bd3 e5 14. Nfe2 exd4
15. exd4 c5 16. Qg3 cxd4 17. Nxd4 Nc5 18. Be2 Rd8 19. Ndb5 Bf8 20. O-O Rd2 21.
Ba1 Nb3 22. Rcd1 Rxd1 23. Rxd1 Nxa1 24. Rxa1 Bxb5 25. Nxb5 Qc5 26. Qc7 Re8 27.
Qxc5 Bxc5 28. Bf3 g5 29. h3 Ne4 0-1

[Event "San Cristobal Bolivar op 1st"]
[Site "San Cristobal"]
[Date "2012.09.29"]
[Round "8"]
[White "Rodriguez Vila, Andres"]
[Black "Ravelo Gil, Eddy"]
[Result "1-0"]
[WhiteElo "2531"]
[BlackElo "2397"]
[PlyCount "143"]
[EventDate "2012.09.25"]
[EventType "swiss"]
[EventRounds "10"]
[EventCountry "VEN"]
[SourceTitle "EXT 2013"]
[Source "ChessBase"]
[SourceDate "2012.11.22"]
[SourceVersion "1"]
[SourceVersionDate "2012.11.22"]
[SourceQuality "1"]

1. e4 e5 2. Nf3 Nc6 3. Bc4 Nf6 4. d3 Be7 5. O-O O-O 6. Re1 d6 7. a3 h6 8. Nbd2
Nh7 9. Nf1 Ng5 10. Ne3 Nxf3+ 11. Qxf3 Nd4 12. Qd1 Be6 13. c3 Bxc4 14. dxc4 Ne6
15. g3 a5 16. h4 Kh7 17. Nf5 Rh8 18. a4 Bf8 19. b3 g6 20. Ne3 h5 21. Ba3 Bh6
22. Nd5 Rf8 23. Qc2 b6 24. Rad1 Kg7 25. Rd3 Nc5 26. Rf3 f6 27. Rd1 Qd7 28. b4
axb4 29. cxb4 Ne6 30. c5 bxc5 31. bxc5 Qc6 32. Rc3 Qxa4 33. Qxa4 Rxa4 34. cxd6
cxd6 35. Bxd6 Rf7 36. Bb4 Nd4 37. Rc4 Ra2 38. Kg2 Re2 39. Rc8 Rxe4 40. Ra1 Kh7
41. Ra7 Rxa7 42. Nxf6+ Kg7 43. Nxe4 Kf7 44. Bd6 Nf5 45. Bxe5 Re7 46. f4 Ne3+
47. Kf3 Ng4 48. Nd6+ Ke6 49. Nc4 Bg7 50. Bd6 Rb7 51. Bc5 Rb3+ 52. Kg2 Rc3 53.
Re8+ Kd5 54. Nb6+ Kc6 55. Bg1 Rc2+ 56. Kh1 Kb5 57. Nd5 Nf2+ 58. Kg2 Ng4+ 59.
Kf3 Ra2 60. Rg8 Ra3+ 61. Kg2 Ra2+ 62. Kh1 Bd4 63. Bxd4 Kc4 64. Rd8 Rd2 65. Nb6+
Kb5 66. Nc8 Rd1+ 67. Kg2 Rd2+ 68. Kf3 Kc4 69. Nb6+ Kb5 70. Ke4 Kc6 71. Rg8 Re2+
72. Kd3 1-0

[Event "San Cristobal Bolivar op 1st"]
[Site "San Cristobal"]
[Date "2012.09.29"]
[Round "9"]
[White "Leiva Rodriguez, Jeammarco Giuseppe"]
[Black "Rodriguez Vila, Andres"]
[Result "0-1"]
[WhiteElo "2286"]
[BlackElo "2531"]
[PlyCount "122"]
[EventDate "2012.09.25"]
[EventType "swiss"]
[EventRounds "10"]
[EventCountry "VEN"]
[SourceTitle "EXT 2013"]
[Source "ChessBase"]
[SourceDate "2012.11.22"]
[SourceVersion "1"]
[SourceVersionDate "2012.11.22"]
[SourceQuality "1"]

1. d4 f5 2. Bg5 c6 3. e3 Qb6 4. Qc1 h6 5. Bh4 g5 6. Bg3 Nf6 7. Nd2 d6 8. Bc4
Bg7 9. c3 d5 10. Be2 O-O 11. Ngf3 Nbd7 12. Ne5 Ne4 13. Nxe4 fxe4 14. Ng6 Rf7
15. h4 c5 16. Bh5 Nf6 17. Be2 Ng4 18. h5 Bf5 19. Qd2 Rc8 20. O-O Qe6 21. b4 c4
22. Qd1 Nf6 23. Ne5 Rff8 24. a4 Kh7 25. Ra2 Rg8 26. Kh2 g4 27. Ng6 Nxh5 28. Nf4
Nxf4 29. Bxf4 Qg6 30. Rh1 h5 31. g3 Bf6 32. Kg2 Kg7 33. Rh2 Rh8 34. Qh1 Kf7 35.
Bd1 Rh7 36. Be2 Rch8 37. Rh4 Bd7 38. Ra1 Ke8 39. Bd1 Kd8 40. Bc2 Qe8 41. Qd1
Bxh4 42. gxh4 Rf8 43. Kg3 Rf6 44. Qd2 Rhf7 45. Qc1 Ra6 46. Qd1 Rff6 47. Ra2 Qg6
48. Qd2 Qh7 49. Ra1 Be8 50. Ra2 Rae6 51. Qd1 Bg6 52. Qe2 Rxf4 53. exf4 e3 54.
fxe3 Bxc2 55. Rxc2 Qd3 56. Kf2 Rxe3 57. Qxe3 Qxc2+ 58. Kg1 Qe4 59. Qg3 Ke8 60.
Qf2 Kf7 61. Qe2 Qh7 0-1

[Event "Villa Martelli La Razon-A"]
[Site "Villa Martelli"]
[Date "2012.10.24"]
[Round "2"]
[White "Molina, Roberto Junio Brito"]
[Black "Rodriguez Vila, Andres"]
[Result "0-1"]
[WhiteElo "2400"]
[BlackElo "2541"]
[PlyCount "67"]
[EventDate "2012.10.23"]
[EventType "tourn"]
[EventRounds "10"]
[EventCountry "ARG"]
[EventCategory "9"]
[SourceTitle "EXT 2013"]
[Source "ChessBase"]
[SourceDate "2012.11.22"]
[SourceVersion "1"]
[SourceVersionDate "2012.11.22"]
[SourceQuality "1"]

1. d4 f5 2. g3 Nf6 3. Bg2 g6 4. Nf3 Bg7 5. O-O O-O 6. b3 c6 7. Bb2 b5 8. c4
bxc4 9. bxc4 Na6 10. Nbd2 Rb8 11. Bc3 d6 12. Qa4 c5 13. e3 Nd7 14. Rab1 Rxb1
15. Rxb1 Nb6 16. Qa5 Qc7 17. Qb5 e5 18. dxe5 dxe5 19. Nb3 e4 20. Bxg7 Kxg7 21.
Nfd2 Rd8 22. Qa5 Qe5 23. Bf1 g5 24. Nd4 Qf6 25. Nb5 Nb4 26. Nb3 f4 27. Nxc5
fxe3 28. fxe3 Qf3 29. Qxa7+ Kg8 30. Qe7 Qxe3+ 31. Kh1 Nc6 32. Qxe4 Qxc5 33. Bd3
Rxd3 34. Nc7 0-1

[Event "Villa Martelli La Razon-A"]
[Site "Villa Martelli"]
[Date "2012.10.26"]
[Round "4"]
[White "Rodriguez Vila, Andres"]
[Black "Lorenzini, Martin"]
[Result "1-0"]
[WhiteElo "2541"]
[BlackElo "2484"]
[PlyCount "113"]
[EventDate "2012.10.23"]
[EventType "tourn"]
[EventRounds "10"]
[EventCountry "ARG"]
[EventCategory "9"]
[SourceTitle "EXT 2013"]
[Source "ChessBase"]
[SourceDate "2012.11.22"]
[SourceVersion "1"]
[SourceVersionDate "2012.11.22"]
[SourceQuality "1"]

1. e4 e5 2. Nf3 Nc6 3. Bc4 Bc5 4. O-O Nf6 5. d3 d6 6. c3 Bb6 7. Re1 h6 8. Nbd2
Ne7 9. Nf1 O-O 10. h3 Ng6 11. d4 exd4 12. Nxd4 Nxe4 13. Qh5 d5 14. Qxd5 Qxd5
15. Bxd5 Nf6 16. Bb3 Bxd4 17. cxd4 c6 18. Ng3 Bd7 19. Be3 Rfe8 20. a4 Be6 21.
Bc2 Ne7 22. a5 a6 23. Bf4 Rad8 24. Be5 Nfd5 25. Nh5 Bf5 26. Bb3 f6 27. Bxf6
gxf6 28. Nxf6+ Kf8 29. Nxe8 Rxe8 30. Re5 Bg6 31. Re6 Rd8 32. Rae1 Rd7 33. Bxd5
cxd5 34. b4 h5 35. Rb6 Bf7 36. Rc1 Nf5 37. Rc8+ Ke7 38. Rb8 Nd6 39. g4 Rc7 40.
g5 Rd7 41. Kg2 Bg6 42. Kg3 Bd3 43. Kf4 Kf7 44. h4 Be2 45. f3 Bd3 46. Rh8 Kg7
47. Rh6 Nc4 48. Rbe6 Bc2 49. Rxh5 Rf7+ 50. Rf6 Rxf6+ 51. gxf6+ Kxf6 52. Rxd5
Ke6 53. Rc5 Bd3 54. h5 Nd6 55. Rc7 Kf6 56. h6 Nf7 57. Rxb7 1-0

[Event "Villa Martelli La Razon-A"]
[Site "Villa Martelli"]
[Date "2012.10.27"]
[Round "5"]
[White "Lemos, Damian"]
[Black "Rodriguez Vila, Andres"]
[Result "1-0"]
[WhiteElo "2542"]
[BlackElo "2541"]
[PlyCount "91"]
[EventDate "2012.10.23"]
[EventType "tourn"]
[EventRounds "10"]
[EventCountry "ARG"]
[EventCategory "9"]
[SourceTitle "EXT 2013"]
[Source "ChessBase"]
[SourceDate "2012.11.22"]
[SourceVersion "1"]
[SourceVersionDate "2012.11.22"]
[SourceQuality "1"]

1. d4 e6 2. Nf3 c5 3. e4 cxd4 4. Nxd4 Nf6 5. Nc3 Nc6 6. Ndb5 d6 7. Bf4 e5 8.
Bg5 a6 9. Na3 b5 10. Nd5 Qa5+ 11. Bd2 Qd8 12. Bg5 Qa5+ 13. Bd2 Qd8 14. Nxf6+
Qxf6 15. c4 Qg6 16. cxb5 Qxe4+ 17. Be3 Nd4 18. Qd3 d5 19. O-O-O Bf5 20. Qxe4
Bxe4 21. Bxd4 Rc8+ 22. Kd2 exd4 23. f3 Bb4+ 24. Ke2 Bg6 25. Kf2 axb5 26. Bxb5+
Ke7 27. Bd3 Rhd8 28. Nb5 Bxd3 29. Rxd3 Rc2+ 30. Kg3 Rxb2 31. Nxd4 Kf8 32. Kh3
Rd7 33. Rc1 g6 34. a3 Rd2 35. Rxd2 Bxd2 36. Rd1 Be3 37. a4 Ke7 38. Re1 Kd6 39.
Rxe3 Kc5 40. Nc2 Kc4 41. a5 Ra7 42. Ra3 d4 43. a6 f5 44. Kg3 d3 45. Ne3+ Kd4
46. Nd1 1-0

[Event "Villa Martelli La Razon-A"]
[Site "Villa Martelli"]
[Date "2012.10.28"]
[Round "7"]
[White "Rodriguez Vila, Andres"]
[Black "Molina, Roberto Junio Brito"]
[Result "1/2-1/2"]
[WhiteElo "2541"]
[BlackElo "2400"]
[PlyCount "26"]
[EventDate "2012.10.23"]
[EventType "tourn"]
[EventRounds "10"]
[EventCountry "ARG"]
[EventCategory "9"]
[SourceTitle "EXT 2013"]
[Source "ChessBase"]
[SourceDate "2012.11.22"]
[SourceVersion "1"]
[SourceVersionDate "2012.11.22"]
[SourceQuality "1"]

1. e4 c6 2. d4 d5 3. Nd2 dxe4 4. Nxe4 Bf5 5. Ng3 Bg6 6. h4 h6 7. Nf3 Nd7 8. h5
Bh7 9. Bd3 Bxd3 10. Qxd3 Ngf6 11. Bd2 e6 12. O-O-O Be7 13. Kb1 O-O 1/2-1/2

[Event "Villa Martelli La Razon-A"]
[Site "Villa Martelli"]
[Date "2012.10.29"]
[Round "8"]
[White "Della Morte, German"]
[Black "Rodriguez Vila, Andres"]
[Result "0-1"]
[WhiteElo "2346"]
[BlackElo "2541"]
[PlyCount "88"]
[EventDate "2012.10.23"]
[EventType "tourn"]
[EventRounds "10"]
[EventCountry "ARG"]
[EventCategory "9"]
[SourceTitle "EXT 2013"]
[Source "ChessBase"]
[SourceDate "2012.11.22"]
[SourceVersion "1"]
[SourceVersionDate "2012.11.22"]
[SourceQuality "1"]

1. e4 e6 2. d4 d5 3. Nc3 Nc6 4. Nf3 Bb4 5. Bd3 Nf6 6. e5 Ne4 7. Bd2 Nxd2 8.
Qxd2 f5 9. a3 Be7 10. h4 O-O 11. Ne2 b6 12. b4 a5 13. b5 Na7 14. Nf4 Qe8 15. c4
dxc4 16. Bxc4 Nxb5 17. O-O Nxa3 18. Bxe6+ Kh8 19. Rfc1 Bb4 20. Qa2 Nb5 21. Ng5
Nxd4 22. Rxc7 Bxe6 23. Nfxe6 Nxe6 24. Nxe6 Rf7 25. Rd1 Re7 26. Rxe7 Qxe7 27.
Qd5 Re8 28. Nd8 h6 29. e6 Bc5 30. h5 a4 31. Rd3 f4 32. Nf7+ Kg8 33. Qe5 Qxe6
34. Nxh6+ gxh6 35. Qxf4 Bxf2+ 36. Qxf2 Qe1+ 37. Qxe1 Rxe1+ 38. Kf2 Rb1 39. Rd7
b5 40. Ra7 Rb3 41. Ke2 a3 42. Kd1 b4 43. Kc1 Rb2 44. g3 Rg2 0-1

[Event "Villa Martelli La Razon-A"]
[Site "Villa Martelli"]
[Date "2012.10.30"]
[Round "9"]
[White "Lorenzini, Martin"]
[Black "Rodriguez Vila, Andres"]
[Result "1/2-1/2"]
[WhiteElo "2484"]
[BlackElo "2541"]
[PlyCount "121"]
[EventDate "2012.10.23"]
[EventType "tourn"]
[EventRounds "10"]
[EventCountry "ARG"]
[EventCategory "9"]
[SourceTitle "EXT 2013"]
[Source "ChessBase"]
[SourceDate "2012.11.22"]
[SourceVersion "1"]
[SourceVersionDate "2012.11.22"]
[SourceQuality "1"]

1. e4 e6 2. d4 d5 3. Nd2 Nf6 4. e5 Nfd7 5. c3 c5 6. Bd3 Nc6 7. Ngf3 cxd4 8.
cxd4 Nb6 9. O-O Bd7 10. a3 a5 11. Re1 a4 12. Nf1 Be7 13. Bf4 Na5 14. h4 Bxh4
15. Nxh4 Qxh4 16. g3 Qe7 17. Qg4 Kf8 18. Bd2 h5 19. Qe2 Kg8 20. Rad1 Nb3 21.
Be3 Nc4 22. Nh2 Bb5 23. Nf3 Nxe3 24. Qxe3 Bxd3 25. Rxd3 Rc8 26. Rc3 Rc6 27.
Rxc6 bxc6 28. Qc3 c5 29. dxc5 Qxc5 30. Qxc5 Nxc5 31. Rc1 Ne4 32. Rc7 g5 33. Ra7
g4 34. Nd4 Nc5 35. Kg2 Kg7 36. Rc7 Nd3 37. Nxe6+ Kg6 38. Nd4 Nxe5 39. Rb7 Nd3
40. Rb5 h4 41. gxh4 Rxh4 42. Rxd5 Rh3 43. Rd6+ Kg5 44. Rd5+ Kf6 45. Ra5 Nxb2
46. f3 Kg6 47. Ra6+ f6 48. fxg4 Rxa3 49. Nf3 Kg7 50. g5 fxg5 51. Nxg5 Rc3 52.
Ne4 Rc2+ 53. Kf3 Kf7 54. Ke3 a3 55. Kd4 Rc4+ 56. Kd5 Ra4 57. Rxa4 Nxa4 58. Nd2
Nc3+ 59. Kc4 a2 60. Nb3 Ne2 61. Na1 1/2-1/2

[Event "Montevideo"]
[Site "Montevideo"]
[Date "2012.11.24"]
[Round "1"]
[White "Alonso, Salvador"]
[Black "Rodriguez Vila, Andres"]
[Result "1/2-1/2"]
[WhiteElo "2506"]
[BlackElo "2545"]
[PlyCount "24"]
[EventDate "2012.11.24"]
[EventType "tourn"]
[EventRounds "9"]
[EventCountry "URU"]
[EventCategory "2"]
[SourceTitle "CBM 151 Extra"]
[Source "ChessBase"]
[SourceDate "2012.12.18"]
[SourceVersion "1"]
[SourceVersionDate "2012.12.18"]
[SourceQuality "1"]

1. e4 e5 2. Nf3 Nf6 3. Nxe5 d6 4. Nf3 Nxe4 5. Qe2 Qe7 6. d3 Nf6 7. Bg5 Qxe2+ 8.
Bxe2 Be7 9. Nc3 O-O 10. O-O c6 11. Rfe1 Nbd7 12. Bf1 Bd8 1/2-1/2

[Event "Montevideo"]
[Site "Montevideo"]
[Date "2012.11.25"]
[Round "2"]
[White "Rodriguez Vila, Andres"]
[Black "Coppola, Claudio"]
[Result "1-0"]
[WhiteElo "2545"]
[BlackElo "2165"]
[PlyCount "49"]
[EventDate "2012.11.24"]
[EventType "tourn"]
[EventRounds "9"]
[EventCountry "URU"]
[EventCategory "2"]
[SourceTitle "CBM 151 Extra"]
[Source "ChessBase"]
[SourceDate "2012.12.18"]
[SourceVersion "1"]
[SourceVersionDate "2012.12.18"]
[SourceQuality "1"]

1. e4 e5 2. f4 Bc5 3. Nf3 d6 4. c3 Bb6 5. Na3 Nf6 6. Nc4 O-O 7. Nxb6 axb6 8. d3
Re8 9. Be2 Nbd7 10. O-O Nf8 11. f5 h6 12. Qe1 d5 13. Qg3 Nh5 14. Qh3 Nf4 15.
Bxf4 exf4 16. Nd2 dxe4 17. Nxe4 Qd5 18. Rxf4 Rxa2 19. Rxa2 Qxa2 20. Rg4 Kh7 21.
Qg3 Kh8 22. Rxg7 Ng6 23. fxg6 Kxg7 24. gxf7+ Kxf7 25. Bh5+ 1-0